| 000 | 00983nam0a22002651 4500 | ||
|---|---|---|---|
| 001 | rc\4975582 | ||
| 005 | 20260406162117.0 | ||
| 021 |
_aRU _b[66-15756] |
||
| 035 | _a(NLR Aleph) 008965554 | ||
| 090 |
_a9091668 _c9091668 |
||
| 100 | _a20130430d1966 |||y0rusy50 ca | ||
| 101 | 1 |
_arus _cita |
|
| 102 | _aRU | ||
| 105 | _aa z |||a| | ||
| 200 | 1 |
_aЧем пахнут ремесла _e[Стихи _eДля ст. дошкольного возраста и мл. школьного возраста] _fПер. с итал. С.Я. Маршака _gИл.: В. Лосин |
|
| 210 |
_aМосква] _cМалыш _d1966 |
||
| 215 |
_a[15] с. _cил. _d28 |
||
| 700 | 1 |
_4070 _8rus _7ca _aРодари _bД. _f1920-1980 _gДжанни _3RU\NLR\AUTH\779111 _9118978 |
|
| 702 | 1 |
_aЛосин _bВ. _4440 |
|
| 702 | 1 |
_aМаршак _bС.Я. _f1887-1964 _gСамуил Яковлевич _4730 |
|
| 801 | 0 |
_aRU _bNLR _gpsbo |
|
| 801 | 1 |
_aRU _bELAR _2rusmarc |
|
| 852 |
_aNLR _j66-8/264 |
||
| 942 | _cBOOK | ||
| 980 | _aNB | ||